000 00599nam a22001577a 4500
003 SGT
020 _a9780141033082
082 _a153.42, BON
100 _a BONO DE EDWARD
245 _aLATERAL THINKING
260 _aNEW DELHI
_bPENGUIN BOOKS
_c2013
300 _a260
650 _aTHOUGHT AND THINKING
653 _aPREFACE, INTRODUCTION, USE OF THIS BOOKS, THE WAY THE MIND WORKS, DIFFERENCE BETWEEN LATERAL AND VERTICAL THINKING, ATTITUDES TOWARDS LATERAL THINKING, BASIC NATURE OF LATERAL THINKING, TECHNIQUES, CHALLENGING ASSUMPTION, INNOVATION, SUSPENDED JUDGEMENT
942 _2ddc
_cFCM
_05
999 _c9113
_d9113